Nerovnosť v Latinskej Amerike a Karibiku v rámci Agendy 2030
Analýza dôvodov, prečo znižovanie nerovností v regióne predstavuje výzvu, a prečo identifikovanie tohto bodu v rámci cieľov udržateľného rozvoja je prínosné. Poukázanie na to, že k zníženiu nerovnosti môže dôjsť, ak sa zvýši produktivita práce a sociálne výdavky zostanú na vyššej úrovni.
Salvato in:
| Autore principale: | |
|---|---|
| Natura: | Capitolo di libro |
| Lingua: | slovacco |
| Soggetti: | |
| Tags: |
Nessun Tag, puoi essere il primo ad aggiungerne!!
|
MARC
| LEADER | 00000nla a2200000 4500 | ||
|---|---|---|---|
| 001 | 0241147 | ||
| 005 | 20240502073926.0 | ||
| 041 | 0 | |a slo | |
| 044 | |a SK | ||
| 245 | 1 | 0 | |a Nerovnosť v Latinskej Amerike a Karibiku v rámci Agendy 2030 |c Barbora Janubová |
| 520 | |a Analýza dôvodov, prečo znižovanie nerovností v regióne predstavuje výzvu, a prečo identifikovanie tohto bodu v rámci cieľov udržateľného rozvoja je prínosné. Poukázanie na to, že k zníženiu nerovnosti môže dôjsť, ak sa zvýši produktivita práce a sociálne výdavky zostanú na vyššej úrovni. | ||
| 610 | 2 | 0 | |a projekty medzinárodné |
| 610 | 2 | 0 | |a Organizácia spojených národov |
| 610 | 2 | 0 | |a politika medzinárodná |
| 610 | 2 | 0 | |a rozvoj hospodársky |
| 610 | 2 | 0 | |a rozvoj trvalo udržateľný |
| 610 | 2 | 0 | |a nerovnosť sociálna |
| 610 | 2 | 0 | |a produktivita práce |
| 610 | 2 | 0 | |a politika sociálna |
| 610 | 2 | 0 | |a Latinská Amerika |
| 100 | 1 | |a Janubová, Barbora, 1991- | |